[Event "Mississauga Spring op U2000"]
[Site "Mississauga"]
[Date "2019.03.23"]
[Round "3"]
[White "Locham, Divjot"]
[Black "Gashgarian, Robert"]
[Result "1/2-1/2"]
[WhiteElo "1645"]
[BlackElo "1735"]
[PlyCount "96"]
[EventDate "2019.03.23"]
[EventType "swiss"]
[EventRounds "5"]
[EventCountry "CAN"]
[SourceTitle "EXT 2022"]
[Source "ChessBase"]
[SourceDate "2021.10.06"]
[SourceVersion "1"]
[SourceVersionDate "2021.10.06"]
[SourceQuality "1"]

1. e4 Nf6 2. Nc3 d5 3. Bb5+ c6 4. Bd3 d4 5. Nce2 e5 6. Nf3 Qc7 7. c3 c5 8. Ng3 Nc6 9. Bc2 g6 10. d3 Bg7 11. cxd4 cxd4 12. 0-0 0-0 13. Nd2 Bg4 14. f3 Bd7 15. Nc4 b5 16. Na3 Nb4 17. Bb3 a5 18. Nc2 Na6 19. a4 Nc5 20. Ba2 Rac8 21. axb5 Bxb5 22. Ne1 Qb6 23. f4 Nfxe4 24. Nxe4 Nxe4 25. dxe4 Bxf1 26. Kxf1 exf4 27. Bxf4 Qf6 28. Qf3 g5 29. Bd2 Qe5 30. Bxa5 Kh8 31. Bb4 Qb5+ 32. Nd3 Rc6 33. Kg1 Rf6 34. Qd1 Ra8 35. Be7 Rfa6 36. Ba3 Qe8 37. Bd5 Rd8 38. Rc1 f5 39. Bc4 Rh6 40. exf5 Qe3+ 41. Kh1 Be5 42. Nxe5 Qxe5 43. h3 Qxf5 44. Be7 Rd7 45. Ba3 d3 46. b4 Kg7 47. Bb2+ Kg6 48. Rc3 Rxh3+ 1/2-1/2

[Event "Calgary op 10th"]
[Site "Calgary"]
[Date "2017.08.03"]
[Round "2"]
[White "Ebrahim Shirazi, Behrooz"]
[Black "Gashgarian, Robert"]
[Result "1-0"]
[WhiteElo "2037"]
[BlackElo "1679"]
[PlyCount "57"]
[EventDate "2017.08.02"]
[EventType "swiss"]
[EventRounds "9"]
[EventCountry "CAN"]
[SourceTitle "EXT 2018"]
[Source "ChessBase"]
[SourceDate "2017.10.13"]
[SourceVersion "1"]
[SourceVersionDate "2017.10.13"]
[SourceQuality "1"]

1. d4 Nf6 2. c4 d6 3. Nf3 Nbd7 4. Bf4 c6 5. Nc3 Qc7 6. h3 e5 7. Bh2 Be7 8. e3 0-0 9. Be2 Ne8 10. 0-0 f5 11. Rc1 g6 12. c5 e4 13. Nd2 Qd8 14. b4 d5 15. b5 Ng7 16. bxc6 bxc6 17. Qa4 Rf6 18. f3 Re6 19. fxe4 Bg5 20. Nd1 fxe4 21. Rb1 Nf5 22. Bg4 Rf6 23. Bxf5 gxf5 24. Bd6 Nf8 25. Qxc6 Be6 26. Be7 Qxe7 27. Qxa8 f4 28. Rb7 fxe3 29. Rxe7 1-0

[Event "CAN-ch Seniors 50+"]
[Site "Kitchener"]
[Date "2015.07.31"]
[Round "1"]
[White "Dougherty, Michael J"]
[Black "Gashgarian, Robert"]
[Result "1-0"]
[WhiteElo "2268"]
[BlackElo "1765"]
[PlyCount "81"]
[EventDate "2015.07.31"]
[EventType "swiss"]
[EventRounds "7"]
[EventCountry "CAN"]
[SourceTitle "EXT 2022"]
[Source "ChessBase"]
[SourceDate "2021.10.06"]
[SourceVersion "1"]
[SourceVersionDate "2021.10.06"]
[SourceQuality "1"]

1. d4 Nf6 2. Nf3 d6 3. c4 Nbd7 4. Nc3 e5 5. Bg5 c6 6. Qc2 Be7 7. 0-0-0 h6 8. Bh4 Qc7 9. e3 b6 10. Bd3 Bb7 11. Kb1 0-0-0 12. Qa4 Kb8 13. Rc1 Rhe8 14. Nd2 Ne4 15. Ndxe4 Bxh4 16. Rhd1 f5 17. Ng3 g6 18. b4 Ka8 19. b5 c5 20. d5 Bf6 21. e4 f4 22. Nf1 Bh4 23. Qc2 Bc8 24. Qe2 Nf6 25. h3 Rf8 26. Nd2 Nh7 27. a4 Qf7 28. Rc2 Rde8 29. a5 bxa5 30. Ra2 Bd8 31. f3 Nf6 32. Nb3 Nd7 33. Kc2 Re7 34. Rda1 Qe8 35. Qe1 Rff7 36. b6 a6 37. Nb5 Nxb6 38. Nxd6 Qf8 39. Rxa5 Ra7 40. Nxf7 Qxf7 41. Nxc5 1-0

[Event "Kitchener Riedstra Memorial U2000"]
[Site "Kitchener"]
[Date "2012.03.10"]
[Round "2"]
[White "Deline, Ralph"]
[Black "Gashgarian, Robert"]
[Result "1-0"]
[WhiteElo "1756"]
[BlackElo "1961"]
[PlyCount "67"]
[EventDate "2012.03.09"]
[EventType "swiss"]
[EventRounds "5"]
[EventCountry "CAN"]
[SourceTitle "EXT 2022"]
[Source "ChessBase"]
[SourceDate "2021.10.06"]
[SourceVersion "1"]
[SourceVersionDate "2021.10.06"]
[SourceQuality "1"]

1. e4 e5 2. Nf3 Nc6 3. Bb5 a6 4. Ba4 Nf6 5. d3 Be7 6. Bxc6 dxc6 7. Nxe5 Bc5 8. 0-0 Qe7 9. Nf3 Bg4 10. Be3 0-0-0 11. Nbd2 h6 12. Qe1 Rhe8 13. a3 g5 14. b4 Bxe3 15. fxe3 Nd7 16. Qg3 f5 17. Nd4 Ne5 18. Nxf5 Bxf5 19. Rxf5 Nxd3 20. cxd3 Rxd3 21. Rf2 Red8 22. Qg4+ Kb8 23. Nc4 Qg7 24. Raf1 Qc3 25. Qe6 Qb3 26. Rf8 Ka7 27. Rxd8 Rxd8 28. Qe7 Qd3 29. Qc5+ Kb8 30. e5 Kc8 31. e6 Re8 32. e7 Qe4 33. Rf8 Kd7 34. Ne5+ 1-0

[Event "Guelph Winter Pro-Am U2000"]
[Site "Guelph"]
[Date "2012.02.12"]
[Round "5"]
[White "Zhang, John"]
[Black "Gashgarian, Robert"]
[Result "1/2-1/2"]
[WhiteElo "1764"]
[BlackElo "1946"]
[PlyCount "103"]
[EventDate "2012.02.10"]
[EventType "swiss"]
[EventRounds "5"]
[EventCountry "CAN"]
[SourceTitle "EXT 2022"]
[Source "ChessBase"]
[SourceDate "2021.10.06"]
[SourceVersion "1"]
[SourceVersionDate "2021.10.06"]
[SourceQuality "1"]

1. e4 c5 2. Nf3 e6 3. c3 Nf6 4. e5 Nd5 5. d4 Qc7 6. Bd3 Nc6 7. 0-0 cxd4 8. cxd4 Ndb4 9. Nc3 Nxd3 10. Qxd3 a6 11. Bf4 d5 12. a3 h6 13. Rac1 Bd7 14. Rc2 Qa5 15. Rfc1 Be7 16. Nd2 Qb6 17. Be3 0-0 18. Ne2 Rac8 19. Ng3 Na7 20. Rxc8 Rxc8 21. Rxc8+ Nxc8 22. Qc3 Qc6 23. Qxc6 Bxc6 24. Ne2 Na7 25. Nb3 b6 26. Nc3 Kf8 27. Kf1 Ke8 28. Ke2 Kd7 29. f4 Nb5 30. Nxb5 Bxb5+ 31. Kd2 Bf1 32. g3 Kc6 33. Kc2 Bh3 34. Bd2 Bf5+ 35. Kc1 Kb5 36. Bc3 a5 37. Nd2 g5 38. Nf1 gxf4 39. gxf4 Bh4 40. Ng3 Bg4 41. Kc2 Be7 42. Kd3 h5 43. Bd2 h4 44. Nf1 Ka4 45. Ne3 Bh3 46. Kc3 b5 47. Kc2 b4 48. axb4 axb4 49. b3+ Kb5 50. Be1 Bd8 51. Kd3 Be7 52. Ke2 1/2-1/2

[Event "Guelph Winter Pro-Am U2000"]
[Site "Guelph"]
[Date "2012.02.10"]
[Round "1"]
[White "Jizan, Masoud"]
[Black "Gashgarian, Robert"]
[Result "0-1"]
[WhiteElo "1685"]
[BlackElo "1946"]
[PlyCount "82"]
[EventDate "2012.02.10"]
[EventType "swiss"]
[EventRounds "5"]
[EventCountry "CAN"]
[SourceTitle "EXT 2022"]
[Source "ChessBase"]
[SourceDate "2021.10.06"]
[SourceVersion "1"]
[SourceVersionDate "2021.10.06"]
[SourceQuality "1"]

1. d4 e6 2. c4 Nf6 3. Nc3 Bb4 4. Bd2 c5 5. a3 cxd4 6. axb4 dxc3 7. Bxc3 0-0 8. Nf3 Ne4 9. e3 Nc6 10. Bd3 Nxc3 11. bxc3 Qf6 12. Rc1 d6 13. 0-0 e5 14. Qc2 h6 15. h3 Bxh3 16. gxh3 Qxf3 17. Kh2 a5 18. b5 Nd8 19. Rg1 Qf6 20. Be4 Qe7 21. Qe2 f5 22. Bd5+ Kh7 23. Qh5 Rf6 24. Rg2 Ne6 25. Rcg1 Rg8 26. Rg6 Qe8 27. Rxg7+ Nxg7 28. Bxg8+ Qxg8 29. Qf3 Qf7 30. Qe2 b6 31. Qf3 e4 32. Qe2 Ne6 33. Qd1 Nc5 34. Qd4 Rg6 35. Rxg6 Qxg6 36. Qd1 Nd3 37. Qe2 Qe6 38. Qh5 Nxf2 39. Kg2 Nd3 40. Qh4 Qg6+ 41. Kf1 Qg5 0-1

[Event "Kitchener Ontario-chT active"]
[Site "Kitchener"]
[Date "2011.06.18"]
[Round "4.2"]
[White "Shamroni, Dima"]
[Black "Gashgarian, Robert"]
[Result "1/2-1/2"]
[WhiteElo "1792"]
[BlackElo "2061"]
[PlyCount "50"]
[EventDate "2011.06.18"]
[EventType "team-swiss (rapid)"]
[EventRounds "5"]
[EventCountry "CAN"]
[SourceTitle "EXT 2022"]
[Source "ChessBase"]
[SourceDate "2021.10.06"]
[SourceVersion "1"]
[SourceVersionDate "2021.10.06"]
[SourceQuality "1"]
[WhiteTeam "Waterloo"]
[BlackTeam "Brantford"]
[WhiteTeamCountry "CAN"]
[BlackTeamCountry "CAN"]

1. d4 Nf6 2. c4 e6 3. Nf3 b6 4. Bg5 h6 5. Bxf6 Qxf6 6. e4 Bb4+ 7. Nc3 0-0 8. Bd3 c5 9. e5 Qe7 10. 0-0 cxd4 11. Nb5 a6 12. Nbxd4 Qd8 13. Be4 Ra7 14. Nc2 Be7 15. Nfd4 Qc7 16. Qh5 d6 17. f4 dxe5 18. fxe5 Bb7 19. Bd3 Bc5 20. Kh1 Rd8 21. Nxe6 Bxg2+ 22. Kxg2 Qc6+ 23. Qf3 Qxe6 24. Qe4 Rad7 25. Rad1 Qc6 1/2-1/2

[Event "Kitchener Oktoberfest U2000"]
[Site "Kitchener"]
[Date "2010.10.16"]
[Round "3"]
[White "Liu, Steven2222"]
[Black "Gashgarian, Robert"]
[Result "0-1"]
[WhiteElo "1860"]
[BlackElo "1903"]
[PlyCount "112"]
[EventDate "2010.10.15"]
[EventType "swiss"]
[EventRounds "5"]
[EventCountry "CAN"]
[SourceTitle "EXT 2022"]
[Source "ChessBase"]
[SourceDate "2021.10.06"]
[SourceVersion "1"]
[SourceVersionDate "2021.10.06"]
[SourceQuality "1"]

1. Nf3 c5 2. e4 Nf6 3. Nc3 d6 4. d4 cxd4 5. Nxd4 a6 6. Be3 Qc7 7. g3 e6 8. Bg2 Nbd7 9. 0-0 Be7 10. f4 Rb8 11. Nce2 Ng4 12. Bd2 Qb6 13. h3 Ngf6 14. Kh2 Qxb2 15. Nb3 Qa3 16. Qe1 Qa4 17. Nbd4 Qc4 18. Ba5 0-0 19. Rb1 b6 20. Bb4 Nc5 21. Nc6 Rb7 22. e5 Nd5 23. Rf3 Rc7 24. Ned4 Bb7 25. Bf1 Qxa2 26. Ra3 Nxb4 27. Rxa2 Nxc6 28. Nxc6 Rxc6 29. exd6 Rxd6 30. Bg2 Bxg2 31. Kxg2 Rfd8 32. c4 a5 33. h4 Nd3 34. Qe3 Nb4 35. Re2 Rd4 36. Rbb2 Bc5 37. Qf3 g6 38. Kh3 h5 39. Qg2 Rxc4 40. Rbd2 Nd5 41. Re4 Rc3 42. Kh2 Rc8 43. Qe2 Nf6 44. Rxe6 fxe6 45. Qxe6+ Kg7 46. Kg2 Rf8 47. f5 Re3 48. Qc6 gxf5 49. Qc7+ Rf7 50. Qf4 Ne4 51. Qe5+ Kh7 52. Rd7 Rxg3+ 53. Qxg3 Rxd7 54. Qf3 Rd2+ 55. Kh3 Kg6 56. Qb3 Rd3+ 0-1

[Event "CAN-ch Amateur U2100"]
[Site "Kitchener"]
[Date "2010.08.01"]
[Round "4"]
[White "Gashgarian, Robert"]
[Black "Sakka, Louay"]
[Result "1-0"]
[WhiteElo "1942"]
[BlackElo "1578"]
[PlyCount "77"]
[EventDate "2010.07.30"]
[EventType "swiss"]
[EventRounds "7"]
[EventCountry "CAN"]
[SourceTitle "EXT 2022"]
[Source "ChessBase"]
[SourceDate "2021.10.06"]
[SourceVersion "1"]
[SourceVersionDate "2021.10.06"]
[SourceQuality "1"]

1. d4 e6 2. c4 Nf6 3. Nc3 Bb4 4. e3 c5 5. Nge2 cxd4 6. exd4 b6 7. a3 Bxc3+ 8. Nxc3 Bb7 9. Bg5 0-0 10. Qd3 h6 11. Bh4 Re8 12. f4 d5 13. c5 Ba6 14. Qf3 Bxf1 15. Rxf1 bxc5 16. dxc5 Nbd7 17. b4 a6 18. 0-0-0 Rb8 19. g4 Nxc5 20. bxc5 Qa5 21. Bxf6 Qxa3+ 22. Kd2 Rb2+ 23. Ke1 gxf6 24. Ne2 Qxc5 25. Rc1 Qa5+ 26. Kf2 Qa2 27. Rc7 Rb3 28. Rc3 Reb8 29. Rfc1 d4 30. Rxb3 Rxb3 31. Rc8+ Kg7 32. Qa8 Rf3+ 33. Kxf3 Qb3+ 34. Kg2 Qd5+ 35. Qxd5 exd5 36. Nxd4 Kg6 37. Nf5 h5 38. h3 h4 39. Rh8 1-0

[Event "Brantford McMahon op"]
[Site "Brantford"]
[Date "2010.02.04"]
[Round "3"]
[White "Gashgarian, Robert"]
[Black "Nurmi, Kari"]
[Result "1/2-1/2"]
[WhiteElo "1922"]
[BlackElo "1850"]
[PlyCount "46"]
[EventDate "2010.01.21"]
[EventType "swiss"]
[EventRounds "5"]
[EventCountry "CAN"]
[SourceTitle "EXT 2011"]
[Source "ChessBase"]
[SourceDate "2010.11.26"]
[SourceVersion "1"]
[SourceVersionDate "2010.11.26"]
[SourceQuality "1"]

1. e4 d6 2. d4 Nf6 3. f3 g6 4. c4 Bg7 5. Nc3 0-0 6. Be3 e5 7. Nge2 c6 8. Qd2 a6 9. 0-0-0 Nbd7 10. dxe5 dxe5 11. h4 h5 12. Kb1 b5 13. Qd6 Bb7 14. Nc1 Re8 15. Be2 Bf8 16. Qd2 b4 17. Na4 Qa5 18. b3 c5 19. Nd3 Bc6 20. Ndb2 Nb6 21. Nxb6 Qxb6 22. Nd3 a5 23. Qb2 a4 1/2-1/2

[Event "Kitchener Oktoberfest U2000"]
[Site "Kitchener"]
[Date "2008.10.19"]
[Round "5"]
[White "Liu, Steven2222"]
[Black "Gashgarian, Robert"]
[Result "1/2-1/2"]
[WhiteElo "1779"]
[BlackElo "1921"]
[PlyCount "49"]
[EventDate "2008.10.17"]
[EventType "swiss"]
[EventRounds "5"]
[EventCountry "CAN"]
[SourceTitle "EXT 2011"]
[Source "ChessBase"]
[SourceDate "2010.11.26"]
[SourceVersion "1"]
[SourceVersionDate "2010.11.26"]
[SourceQuality "1"]

1. e4 c5 2. Nf3 e6 3. Nc3 a6 4. d4 cxd4 5. Nxd4 Qc7 6. Be3 Nf6 7. a3 d6 8. h3 Nbd7 9. Bd3 Ne5 10. 0-0 Nc4 11. Bxc4 Qxc4 12. Qe2 Qxe2 13. Ndxe2 b5 14. Rad1 Bb7 15. f3 Be7 16. Rd2 0-0 17. Rfd1 Rac8 18. Bf4 d5 19. exd5 Bc5+ 20. Kh1 Nxd5 21. Nxd5 Bxd5 22. Nc3 Bc6 23. Bd6 Bxd6 24. Rxd6 a5 25. Ne2 1/2-1/2